| 000 | 00699cam a22002413a 4500 | ||
|---|---|---|---|
| 001 | 27524 | ||
| 003 | PGUSA | ||
| 005 | 20140828083608.0 | ||
| 008 | 081213s2008||||xxu|||||s|||||000 | eng d | ||
| 040 |
_aPGUSA _beng |
||
| 042 | _adc | ||
| 050 | 4 | _aDA | |
| 100 | 1 |
_aJerrold, Walter, _d1865-1929 |
|
| 245 | 1 | 0 |
_aHampton Court _h[electronic resource] / _cWalter Jerrold |
| 260 |
_bProject Gutenberg, _c2008 |
||
| 506 | _aPublic domain in the USA. | ||
| 516 | _aElectronic text | ||
| 653 | _aHampton Court (Richmond upon Thames, London, England) | ||
| 700 | 1 |
_aHaslehust, E. W., _d1866-1949 |
|
| 830 | 0 |
_aProject Gutenberg _v27524 |
|
| 856 | 4 | 0 | _uhttp://www.gutenberg.org/ebooks/27524 |
| 942 | _cEB | ||
| 999 |
_c256779 _d256779 |
||